SGP+ y el desarrollo sostenible en las economías latinoamericanas: retos y oportunidades /
Gespeichert in:
| 1. Verfasser: | |
|---|---|
| Format: | Text |
| Schlagworte: | |
| Tags: |
Tag hinzufügen
Keine Tags, Fügen Sie den ersten Tag hinzu!
|
MARC
| LEADER | 00000 a a2200000 04500 | ||
|---|---|---|---|
| 001 | 46273 | ||
| 003 | |||
| 040 | |||
| 020 | |a ISSN 1563-0013 | ||
| 090 | |a REV1626 5(4)2004 | ||
| 100 | |a Hernández González, Greivin | ||
| 245 | |a SGP+ y el desarrollo sostenible en las economías latinoamericanas: |b retos y oportunidades / |c Greivin Hernández González | ||
| 650 | |a COMERCIO INTERNACIONAL | ||
| 650 | |a DESARROLLO SOSTENIBLE | ||
| 650 | |a ECONOMIA | ||
| 650 | |a CONDICIONES ECONOMICAS | ||
| 650 | |a NEGOCIACIONES INTERNACIONALES | ||
| 650 | |a CONTROL INTERNACIONAL | ||
| 650 | |a CONVENIOS INTERNACIONALES | ||
| 650 | |a LATIONAMERICA | ||
| 650 | |a DERECHOS HUMANOS | ||
| 773 | |g volumen5, número4 (Julio-agosto, 2004), páginas 7-9 | ||
| 999 | |c 39798 |d 39798 | ||
